Balak aur manav adhikar/ (Record no. 51999)

000 -LEADER
fixed length control field 00409nam a22001697a 4500
020 ## - INTERNATIONAL STANDARD BOOK NUMBER
ISBN 8180360385
082 ## - DEWEY DECIMAL CLASSIFICATION NUMBER
Classification number H3
Item number URM/B
100 ## - MAIN ENTRY--AUTHOR NAME
Personal name Urmila Kumari
245 ## - TITLE STATEMENT
Title Balak aur manav adhikar/
Statement of responsibility, etc by Urmila Kumari
260 ## - PUBLICATION, DISTRIBUTION, ETC. (IMPRINT)
Place of publication Jaipur:
Name of publisher Devnagar Prakashan,
Year of publication 2012.
300 ## - PHYSICAL DESCRIPTION
Number of Pages 128p.
650 ## - SUBJECT ADDED ENTRY--TOPICAL TERM
Topical Term Novel Hindi
650 ## - SUBJECT ADDED ENTRY--TOPICAL TERM
Topical Term Literature Hindi
650 ## - SUBJECT ADDED ENTRY--TOPICAL TERM
Topical Term Literature
700 ## - ADDED ENTRY--PERSONAL NAME
Personal name Sanjay Bhaskar
942 ## - ADDED ENTRY ELEMENTS (KOHA)
Koha item type Book
Holdings
Withdrawn status Lost status Damaged status Not for loan Permanent Location Current Location Shelving location Date acquired Full call number Accession Number Cost, replacement price Price effective from Koha item type
        Sree Sankaracharya University of Sanskrit Sree Sankaracharya University of Sanskrit Stacks 06.03.2015 H3 URM/B 074399 150.00 06.03.2015 Book